Operativní hydrologie: hydrologické modely a nejistota předpovědí /

Hlavní autor: Daňhelka, Jan
Jazyk: Čeština
Vydáno: Praha : Český hydrometeorologický ústav, 2007
Vydání: 1. vyd.
Edice: Sborník prací Českého hydrometeorologického ústavu ; sv. 51
Témata:
Externí odkaz: Digitalizovaný dokument
Fyzický popis: 104 s. : il. (některé barev.), mapy ; 30 cm
Language note: Anglické resumé
Knihy
Uloženo v:
LEADER 01720nam a2200469 a 4500
001 000896534
003 CZ BrMZK
005 20080605105200.0
007 ta
008 080512s2007 xr ab f 000 0 cze
015 |a cnb001801474 
020 |a 978-80-86690-48-3  |q (brož.) 
035 |a (OCoLC)237073715 
040 |a BOA001  |b cze 
041 0 |a cze  |b eng 
072 7 |a 556  |x Hydrologie  |2 Konspekt  |9 7 
080 |a 556  |2 MRF 
080 |a 556.013  |2 MRF 
080 |a 556.06  |2 MRF 
080 |a 556.51  |2 MRF 
080 |a (048.8)  |2 MRF 
100 1 |a Daňhelka, Jan  |7 mzk2008453304  |4 aut 
245 1 0 |a Operativní hydrologie: hydrologické modely a nejistota předpovědí /  |c Jan Daňhelka 
250 |a 1. vyd. 
260 |a Praha :  |b Český hydrometeorologický ústav,  |c 2007 
300 |a 104 s. :  |b il. (některé barev.), mapy ;  |c 30 cm 
490 1 |a Sborník prací Českého hydrometeorologického ústavu ;  |v sv. 51 
500 |a 200 výt. 
504 |a Obsahuje bibliografii 
546 |a Anglické resumé 
500 |a Dostupné též v digitální podobě v aplikaci Kramerius 
650 0 7 |a hydrologie  |7 ph114739  |2 czenas 
650 0 7 |a hydrologické modely  |7 ph194818  |2 czenas 
650 0 7 |a hydrologické prognózy  |7 ph120974  |2 czenas 
650 0 7 |a povodí  |7 ph124446  |2 czenas 
655 7 |a monografie  |7 fd132842  |2 czenas 
810 2 |a Český hydrometeorologický ústav.  |t Sborník prací  |0 s 
856 4 1 |u http://www.digitalniknihovna.cz/mzk/uuid/uuid:958aa6a0-5ce8-11e8-983f-005056827e51  |y Digitalizovaný dokument  |x NDK 
910 2 |a BOA001  |b 4-1204.339 
990 |a BK 
991 |b 200806  |c NOV 
996 6 |b 2610343637  |c 4-1204.339  |l MZK  |r Sklad / do 1 hodiny  |n 7  |p p.v.  |w 000896534  |u 000010  |a 1  |e BOA001  |j MZK50  |s P